Derecho constitucional económico: regulación, tributos y propiedad.

Wedi'i Gadw mewn:
Manylion Llyfryddiaeth
Prif Awdur: Fermandois Vohringer, Arturo (autor)
Fformat: Llyfr
Iaith:Sbaeneg
Cyhoeddwyd: Santiago, Chile: Universidad Católica de Chile, 2010
Rhifyn:Primera edición.
Pynciau:
Tagiau: Ychwanegu Tag
Dim Tagiau, Byddwch y cyntaf i dagio'r cofnod hwn!

MARC

LEADER 00000nam a2200000 a 4500
001 UCG5237
003 CL-VaPUC
005 20250410144931.0
008 110113e20101100CL |||||||||||||||||spa|d
999 |c 343797  |d 343795 
020 |a 9789561411555 
040 |c Pontificia Universidad Católica de Valparaíso 
082 0 4 |a 342.83 FER 2010  |2 21 
100 1 |a Fermandois Vohringer, Arturo  |e autor  |9 901972 
245 1 0 |a Derecho constitucional económico: regulación, tributos y propiedad. 
250 |a Primera edición. 
260 |a Santiago, Chile:  |b Universidad Católica de Chile,  |c 2010 
300 |a Tomo II; 488 páginas. 
583 |a last modification  |c 20110113 00:00:00  |k Rodrigo Vera 
650 0 |a Derecho económico   |9 259197 
650 0 |a Derecho constitucional   |9 222588 
650 0 |a Orden público económico  |9 383813 
942 |c BK  |2 ddc 
945 |d 20110113 00:00:00  |a dcastane 
952 |0 0  |1 0  |4 0  |6 342_830000000000000_FER_2010  |7 0  |8 A  |9 441396  |a BIBDER  |b BIBDER  |d 2019-11-22  |h t.II  |i 4750187  |o 342.83 FER 2010  |p 4750187  |r 2023-01-25  |w 2019-11-22  |y BK  |k DER 
952 |0 0  |1 0  |4 0  |6 342_830000000000000_FER_2010  |7 0  |8 A  |9 441397  |a BIBDER  |b BIBDER  |d 2019-11-22  |h t.II  |i 4750195  |l 6  |m 1  |o 342.83 FER 2010  |p 4750195  |r 2023-01-25  |s 2021-10-21  |w 2019-11-22  |y BK  |k DER 
952 |0 0  |1 0  |4 0  |6 342_830000000000000_FER_2010  |7 0  |8 A  |9 441398  |a BIBDER  |b BIBDER  |d 2019-11-22  |h t.II  |i 4750209  |l 8  |o 342.83 FER 2010  |p 4750209  |q 2025-12-31  |r 2025-04-17  |s 2025-04-17  |w 2019-11-22  |y BK  |k DER 
952 |0 0  |1 0  |4 0  |6 342_830000000000000_FER_2010  |7 0  |8 A  |9 441399  |a BIBDER  |b BIBDER  |d 2019-11-22  |h t.II  |i 4750217  |o 342.83 FER 2010  |p 4750217  |r 2023-01-25  |w 2019-11-22  |y BK  |k DER